Statistics for NFL SUPER BOWL QBs SINCE 2000 QUIZ

Click here to take the quiz!

General Stats

  • This quiz has been taken 102 times
  • The average score is 38 of 46

Answer Stats

HintAnswer% Correct
2022Patrick Mahomes
100%
2020Patrick Mahomes
100%
2019Patrick Mahomes
100%
2017Tom Brady
100%
2001Tom Brady
100%
2003Tom Brady
100%
2004Tom Brady
100%
2007Tom Brady
100%
2014Tom Brady
100%
2016Tom Brady
100%
2011Tom Brady
100%
2020Tom Brady
100%
2018Tom Brady
100%
2021*Matthew Stafford
96%
2021*Joe Burrow
94%
2010*Aaron Rodgers
93%
2007Eli Manning
93%
2011Eli Manning
93%
2022*Jalen Hurts
93%
2006Peyton Manning
93%
2015Peyton Manning
93%
2013Peyton Manning
93%
2009Peyton Manning
93%
2014Russell Wilson
89%
2013Russell Wilson
89%
2018*Jared Goff
88%
2019*Jimmy Garoppolo
88%
2017*Nick Foles
88%
2016*Matt Ryan
86%
2005Ben Roethlisberger
85%
2008Ben Roethlisberger
85%
2010Ben Roethlisberger
85%
2015*Cam Newton
85%
2009*Drew Brees
82%
2012*Joe Flacco
80%
2008Kurt Warner
73%
2001Kurt Warner
73%
2012*Colin Kaepernick
71%
2004*Donovan McNabb
47%
2005*Matt Hasselbeck
40%
2006*Rex Grossman
39%
2002*Rich Gannon
39%
2002*Brad Johnson
36%
2000*Trent Dilfer
34%
2000*Kerry Collins
31%
2003*Jake Delhomme
29%

Score Distribution

Percentile by Number Answered

Percent of People with Each Score

Your Score History

You have not taken this quiz